| 000 | 00496nam a22001697a 4500 | ||
|---|---|---|---|
| 999 |
_c8734 _d8734 |
||
| 008 | 201211b ||||| |||| 00| 0 eng d | ||
| 040 | _aBMS College of Architecture | ||
| 100 | _aAgarwal, Nishant | ||
| 245 | _aMakerspace | ||
| 300 | _av,38p. | ||
| 500 | _a1BM10AT044 | ||
| 502 |
_8B,Arch _NBMS College of Architecture, Visvesvaraya Technological University (VTU) _aProject report _d2015 |
||
| 650 | _aNA | ||
| 700 |
_aBhaghyalaxmi M _eGuide |
||
| 700 |
_aMadhuri Rao _eGuide |
||
| 942 |
_2ddc _cTHE |
||